| 000 | 00755cam a2200253 4500 | ||
|---|---|---|---|
| 999 |
_c7517 _d7517 |
||
| 001 | 7517 | ||
| 003 | BD-JhCC | ||
| 005 | 20181006105126.0 | ||
| 008 | 700826s1970 maua b 001 0 eng | ||
| 035 | _a(BD-JhCC)7517 | ||
| 040 |
_aDLC _cDLC _dDLC _dBD-JhCC |
||
| 041 | _aeng | ||
| 050 | 0 | 0 |
_aLB1737.A3 _bT95 |
| 082 | 0 | 0 |
_a373.1/3 _bTYS 1970 |
| 100 | 1 | _aTyson, James Carroll. | |
| 245 | 1 | 0 |
_aConceptual tools for teaching in secondary schools / _c[by] James C. Tyson [and] Mary Ann Carroll. |
| 260 |
_aBoston, _bHoughton Mifflin _c[1970] |
||
| 300 |
_avii, 321 p. _billus. _c25 cm. |
||
| 504 | _aBibliography: p. 313-315. | ||
| 650 | 0 | _aHigh school teaching. | |
| 700 | 1 |
_aCarroll, Mary Ann, _d1947- |
|
| 942 |
_2ddc _cBK |
||